000 00915nam a2200217Ia 4500
003 GCL
008 140319s9999 xx 000 0 ara d
040 _aGCL /
_cGCL
082 0 4 _aط
_b808.83
_bا ق
100 1 _aاحمد نجيب
245 1 0 _aقصص عالمية للاطفال : الجرة العجيبة-اميرة النهر-جحا والحصان الغريب-الاخوه الثلاثة-الشجرة المسحورة-سر البساط الازرق-كاتيا-الاميرة والصياد-جزيرة السلام-الجميلة الصامتة /
_cاحمد نجيب
250 _aالاولى
260 _aالقاهرة :
_bدار الكتاب المصرى
300 _aمتعدد ؛
_c30 سم
490 _aقصص عالمية للاطفال
_v0
650 0 4 _aالاطفال
650 0 4 _aالقصص
650 0 4 _aالقصة القصيرة
650 0 4 _aقصص الاطفال
942 _2ddc
_cBK
999 _c56834
_d56834